000
00282nam a2200085Ia 4500
008
220204s9999 xx 000 0 und d
082
_a
382.5:382.6:06.055.5
_b
IND
245
0
_a
India, annual administration report of the import and export trade control organisation. 1968-69
942
_c
BK
999
_c
23554
_d
23554